Ensayos sobre la teoría de la distribución de la renta / (Registro nro. 8499)

Detalles MARC
000 -LEADER
fixed length control field 01422nam a2200325Ia 4500
003 - CONTROL NUMBER IDENTIFIER
control field OSt
005 - DATE AND TIME OF LATEST TRANSACTION
control field 20210906160835.0
008 - FIXED-LENGTH DATA ELEMENTS--GENERAL INFORMATION
fixed length control field 210310s1961 sp ad gr 001 0 spa d
040 ## - CATALOGING SOURCE
Original cataloging agency CO-JMCR
Transcribing agency CO-JMCR
041 1# - LANGUAGE CODE
Language code of text/sound track or separate title spa
Language code of original eng
082 04 - DEWEY DECIMAL CLASSIFICATION NUMBER
Classification number 339.2 /
Item number F319e
Edition number 23
100 1# - MAIN ENTRY--PERSONAL NAME
Personal name Fellner, W.,
9 (RLIN) 17449
Relator term autor
245 10 - TITLE STATEMENT
Title Ensayos sobre la teoría de la distribución de la renta /
Statement of responsibility, etc. W. Fellner y B.F.Haley ; traducción del inglés por Juan A. Castellano Marco
260 ## - PUBLICATION, DISTRIBUTION, ETC.
Place of publication, distribution, etc. Madrid :
Name of publisher, distributor, etc. Aguilar,
Date of publication, distribution, etc. 1961
300 ## - PHYSICAL DESCRIPTION
Extent xxiv, 616 páginas :
Other physical details ilustraciones y gráficas a blanco y negro ;
Dimensions 21 cm.
490 0# - SERIES STATEMENT
Series statement Biblioteca de Ciencias Sociales. Sección primera: economía
500 ## - GENERAL NOTE
General note Incluye índice de autores y notas a pie de página.<br/>Título original: Readings in the theory of income distribution
504 ## - BIBLIOGRAPHY, ETC. NOTE
Bibliography, etc. note Bibliografía: páginas 569-610
505 0# - FORMATTED CONTENTS NOTE
Formatted contents note Concepto de renta y distribución -- La función de producción y la productividad marginal -- Salarios -- El interés -- El beneficio -- La renta
546 ## - LANGUAGE NOTE
Language note Traducido del inglés.
650 14 - SUBJECT ADDED ENTRY--TOPICAL TERM
Topical term or geographic name entry element Productividad comercial
9 (RLIN) 17451
General subdivision Renta
650 24 - SUBJECT ADDED ENTRY--TOPICAL TERM
Topical term or geographic name entry element Producción
General subdivision Renta
9 (RLIN) 40040
650 24 - SUBJECT ADDED ENTRY--TOPICAL TERM
Topical term or geographic name entry element Renta
General subdivision Distribución
9 (RLIN) 40041
650 24 - SUBJECT ADDED ENTRY--TOPICAL TERM
Topical term or geographic name entry element Salarios
9 (RLIN) 2561
650 24 - SUBJECT ADDED ENTRY--TOPICAL TERM
Topical term or geographic name entry element Intereses
General subdivision Renta
9 (RLIN) 40042
650 24 - SUBJECT ADDED ENTRY--TOPICAL TERM
Topical term or geographic name entry element Beneficios
General subdivision Renta
9 (RLIN) 40043
700 1# - ADDED ENTRY--PERSONAL NAME
Personal name Haley, B.F.,
Relator term autor
9 (RLIN) 40044
700 1# - ADDED ENTRY--PERSONAL NAME
Personal name Castellano Marco, Juan A.,
Relator term traductor
9 (RLIN) 40045
942 ## - ADDED ENTRY ELEMENTS (KOHA)
Source of classification or shelving scheme Dewey Decimal Classification
Koha item type Books
Existencias
Withdrawn status Lost status Source of classification or shelving scheme Damaged status Not for loan Collection code Home library Current library Date acquired Source of acquisition Full call number Barcode Date last seen Copy number Koha item type
    Dewey Decimal Classification     Non-fiction Biblioteca Pública José María del Castillo y Rada Biblioteca Pública José María del Castillo y Rada 04/15/2018 Donación 339.2 / F319e 430006135 05/16/2024 Ej.1 Books